000 00292nam a2200121Ia 4500
008 190216s9999||||xx |||||||||||||| ||und||
100 _aBasheer M M
245 0 _aAnthardara
260 _bCalicut University Publications
300 _a149
650 _aMalayalam Novel-Malayalam
942 _cBK
999 _c27290
_d27290